Statistiques concernant Équipe France Euro 2016

Cliquez ici pour prendre le quiz!

Statistiques générales

  • Ce quiz a été pris 58 fois
  • Le résultat moyen est 14 sur 23

Statistiques - réponses

#PositionPlayer% Correct
7Vers l'avantAntoine Griezmann
96%
1Gardien de butHugo Lloris
88%
15Milieu de terrainPaul Pogba
84%
16Gardien de butSteve Mandanda
76%
9Vers l'avantOlivier Giroud
76%
3DefenseurPatrice Evra
71%
21DefenseurLaurent Koscielny
71%
14Milieu de terrainBlaise Matuidi
69%
8Milieu de terrainDimitri Payet
69%
23Gardien de butBenoit Costil
67%
5Milieu de terrainNgolo Kante
65%
4DefenseurAdil Rami
63%
19DefenseurBacary Sagna
59%
22DefenseurSamuel Umtiti
57%
10Vers l'avantAndre-Pierre Gignac
51%
18Milieu de terrainMoussa Sissoko
51%
17DefenseurLucas Digne
49%
11Vers l'avantAnthony Martial
47%
20Vers l'avantKingsley Coman
45%
2DefenseurChristophe Jallet
39%
6Milieu de terrainYohan Cabaye
27%
12Milieu de terrainMorgan Schneiderlin
25%
13DefenseurEliaquim Mangala
20%

Distribution des résultats

Percentile par nombre de réponses

% des personnes avec chaque résultat

Votre développement - résultats

Vous n’avez pas pris ce quiz